000 00384 a2200109 4500
001 ART_51937
005 20260410162044.0
008 260409a
245 1 0 _aLos impuestos análogos pagados en el exterior conforme las distintas alternativas para invertir fuera del país
100 1 _aMastandrea, Alberto F.
773 0 _tImpuestos
_g- N°82 (ago. 2020)
_wREV45175
999 _c35207
_d35207